Statistiques concernant Culture Générale - Série 1134

Cliquez ici pour prendre le quiz!

Statistiques générales

  • Ce quiz a été pris 48 fois
  • Le résultat moyen est 5 sur 10

Statistiques - réponses

Question Réponse % Correct
Dans quel pays se trouve le site antique de Pétra ?Jordanie
73%
Que signifie le mot "delayed" sur un panneau d'affichage d'un aéroport ?retardé
69%
Sur quelle surface, souvent ronde, divisée en heures et en minutes, se déplacent les aiguilles d'une montre, d'une horloge ou d'une pendule ?cadran
64%
Comment nomme-t-on la cérémonie au cours de laquelle un homme était armé chevalier au Moyen Âge ?adoubement
62%
En 1979, quel chanteur français interprète "Manureva" en hommage à Alain Colas, disparu en mer ?Alain Chamfort
56%
Quel comédien, prénommé Michel, incarne Max dans le film “Max et les ferrailleurs” ?Michel Piccoli
36%
Quelle fille de Charlie Chaplin a joué dans "Docteur Jivago" et "Les Uns et les autres" ?Geraldine Chaplin
33%
Quel est le participe présent du verbe "ouïr" ?oyant
27%
Sous quel pseudonyme connaît-on mieux le chanteur Gaston Ghrenassia ?Enrico Macias
24%
En 1991, quel chanteuse américaine fut numéro un des charts avec sa reprise de "The Shoop Shoop Song" ?Cher
18%

Distribution des résultats

Percentile par nombre de réponses

% des personnes avec chaque résultat

Votre développement - résultats

Vous n’avez pas pris ce quiz